<?xml version="1.0" encoding="UTF-8"?>
<marc:record xmlns:marc="http://www.loc.gov/MARC21/slim">
   <marc:leader>00000nam a2200000 a 4500</marc:leader>
   <marc:datafield ind1=" " ind2=" " tag="653">
      <marc:subfield code="a">Cartoon</marc:subfield>
   </marc:datafield>
   <marc:datafield ind1=" " ind2=" " tag="653">
      <marc:subfield code="a">Humor</marc:subfield>
   </marc:datafield>
   <marc:datafield ind1=" " ind2=" " tag="653">
      <marc:subfield code="a">Satire/Manga</marc:subfield>
   </marc:datafield>
   <marc:datafield ind1=" " ind2=" " tag="653">
      <marc:subfield code="a">Manhwa</marc:subfield>
   </marc:datafield>
   <marc:datafield ind1="0" ind2="0" tag="245">
      <marc:subfield code="a">Bibliotheca mystica</marc:subfield>
   </marc:datafield>
   <marc:datafield ind1="0" ind2="0" tag="245">
      <marc:subfield code="c">Autor: Mikumo Gakuto. Zeichn.: Abeno Chako. [Aus dem Japan. von Matthias Wissnet und Josef Shanel. Verantw. Red.: Steffen Hautog</marc:subfield>
   </marc:datafield>
   <marc:datafield ind1=" " ind2="1" tag="264">
      <marc:subfield code="a">Köln</marc:subfield>
      <marc:subfield code="b">Egmont-Verl.-Ges.</marc:subfield>
      <marc:subfield code="c">2012</marc:subfield>
   </marc:datafield>
   <marc:datafield ind1=" " ind2=" " tag="250">
      <marc:subfield code="a">1. Aufl.</marc:subfield>
   </marc:datafield>
   <marc:datafield ind1="1" ind2=" " tag="520">
      <marc:subfield code="a">Angaben aus der Verlagsmeldung

Bibliotheca Mystica 03 / von Chako Abeno

Der neueste Manga aus der Feder von Chaco Abeno (Chrome Breaker) vereint Stephen-King-Atmosphäre mit einem extrem süßen Hauptcharakter! Hugh Anthony Disward (genannt Huey) hat von seinem Großvater die Bibliotheca Mystica geerbt, in der alle mystischen Bücher mit magischen Kräften gesammelt werden. Der Inhaber der Bibliothek muss sich auf die Suche nach noch fehlenden Büchern machen. Huey wird dabei unterstützt von Dariane, einem süßen Gothic-Lolita-Mädchen, das ein Schloss um den Hals trägt. Huey kann dies mit dem „wahren Schlüssel“ öffnen und so all die Kräfte gebrauchen, die von den Büchern ausgehen, die sie schon in der Bibliothek gesammelt haben ... Ein mitreißender Mystery-Manga, der süchtig macht!
</marc:subfield>
   </marc:datafield>
   <marc:datafield ind1=" " ind2=" " tag="020">
      <marc:subfield code="a">9783770477425</marc:subfield>
      <marc:subfield code="9">9783770477425</marc:subfield>
   </marc:datafield>
   <marc:datafield ind1=" " ind2=" " tag="020">
      <marc:subfield code="a">3770477421</marc:subfield>
      <marc:subfield code="9">3770477421</marc:subfield>
   </marc:datafield>
   <marc:datafield ind1=" " ind2=" " tag="041">
      <marc:subfield code="a">ger</marc:subfield>
   </marc:datafield>
   <marc:datafield ind1=" " ind2=" " tag="300">
      <marc:subfield code="a">ca. 176] S.</marc:subfield>
   </marc:datafield>
</marc:record>
